• 首页
  • 本馆介绍
  • 公告通知
  • 最新文献
  • 馆藏检索
  • 电子资源
  • 读者导购
  • 参考咨询
  • 我的图书馆
  • 登录
  • 详细信息显示
  • 放入我的书架
  • 预约/预借图书
  • 作者相关作品
  • 分类相关作品
  • 丛书相关作品
  • 出版社相关作品

书目信息

  • 表格格式
  • 工作单格式
  • 卡片格式
题名:
民国先生谈作文教学
    
 
作者: 李白坚 主编
分册:  
出版信息: 南京   江苏科学技术出版社  2013
页数: 166页
开本: 24cm
丛书名:
单 册:
中图分类: G633.342
科图分类:
主题词: 作文课--教学研究--中小学 , 作文课 , 教学研究
电子资源:
ISBN: 978-7-5537-2268-9
000 00834nam0 2200277 450
001 246
005 20180520201947.49
010    @a978-7-5537-2268-9@dCNY28.00
090    @aG633.3@blbj
100    @a20140429d2013 em y0chiy50 ea
101 0  @achi
102    @aCN@b320000
105    @ay z 000yy
200 1  @a民国先生谈作文教学@9min guo xian sheng tan zuo wen jiao xue
210    @a南京@c江苏科学技术出版社@d2013
215    @a166页@d24cm
300    @a凤凰教育书系
314    @a版权页题:李白坚主编
330    @a本书共分为4个章节,内容包括:作文教学概论、作文如何命题、写作如何指导及作文如何批改。
606 0  @a作文课@x教学研究@x中小学
606 0  @a作文课
606 0  @a教学研究
690    @aG633.342@v5
701  0 @a李白坚@9li bai jian@f(1947~)@4主编
801  0 @aCN@bNLC@c20140429
905    @aMuseLib@dG633.342@e623
    
    民国先生谈作文教学.-南京:江苏科学技术出版社,2013
    166页;24cm
    凤凰教育书系
    
    ISBN 978-7-5537-2268-9:CNY28.00
    本书共分为4个章节,内容包括:作文教学概论、作文如何命题、写作如何指导及作文如何批改。
●
相关链接 在E读中查询图书 在五车中查询图书 在当当中查询图书 在豆瓣中查询图书


正题名:民国先生谈作文教学     索取号:G633.342/623         预约/预借

序号 登录号 条形码 馆藏地/架位号 状态 备注
1 1101414   211014141   第一样本阅览室/ [索取号:G633.342/623] 在馆    
2 1101415   211014150   教育系资料室/ [索取号:G633.342/623] 在馆    
3 1101416   211014169   教育系资料室/ [索取号:G633.342/623] 在馆    
4 1101417   211014178   教育系资料室/ [索取号:G633.342/623] 在馆    
5 1101418   211014187   第四借阅区/ [索取号:G633.342/623] 在馆    
6 1101419   211014196   第四借阅区/ [索取号:G633.342/623] 在馆    
唐山师范学院图书馆 欢迎您!
大连网信软件有限公司© 版权所有